00636nam a2200217Ia 4500003000400000005001700004008004100021020001800062040001800080041000800098082002000106100001800126245006600144250001200210260005000222300002700272650005100299650001900350650002900369700002000398OSt20241010142254.0210716s2008 xx 000 0 und d a9780198089407 cAIMIT LIBRARY aeng a382.6 22bPAUJ aPaul, Justin. aExport import management /cBy Justin Paul and Rajiv Aserkar. a2nd ed. aNew Delhi :bOxford University Press ,c2008. axiv,397p. ;bPBc25 cm aMethods and instruments of payment and pricing aWorld shipping aExport incentive schemes aAserkar, Rajiv.